000 00713nam a2200253 4500
001 11765
003 BD-RjUL
005 20211208235159.0
008 140127s1971 nyua b 001 0 eng
035 _a(BD-RjUL)11814
040 _aDLC
_cDLC
_dDLC
_dBD-RjUL
_beng
041 _aeng
082 0 0 _a574
_bCEN 1971
245 0 0 _aCentral concepts of biology /
_cAdela S. Baer [and others]
260 _aNew York :
_bMacmillan ,
_cc1971
300 _avii, 385 p. :
_billus. (part col.) ;
_c24 cm.
350 _a$8.95
504 _aIncludes bibliographies and index.
650 0 _aBiology.
_936438
700 1 _aBaer, Adela S.,
_d1931-
_936439
942 _2ddc
_cBK
999 _c11765
_d11765